Κρήτη αναδυόμενες πόλεις : Άπτερα, Ελεύθερνα, Κνωσός
Αποθηκεύτηκε σε:
| Συλλογικό Έργο: | , |
|---|---|
| Άλλοι συγγραφείς: | , |
| Μορφή: | Βιβλίο |
| Γλώσσα: | Greek |
| Δημοσίευση: |
Αθήνα :
Μουσείο Κυκλαδικής Τέχνης, Υπουργείο Πολιτισμού και Αθλητισμού,
2018.
|
| Θέματα: | |
| Ετικέτες: |
Προσθήκη ετικέτας
Δεν υπάρχουν, Καταχωρήστε ετικέτα πρώτοι!
|
MARC
| LEADER | 00000cam a2200000 a 4500 | ||
|---|---|---|---|
| 001 | 1/117890 | ||
| 008 | 190123s2018####gr | ||| |||| ||gre|| | ||
| 020 | |a 9786185060268 |q (ΜΚΤ) | ||
| 020 | |a 9789603863908 |q (ΥΠΠΟΑ) | ||
| 040 | |a GR-MyUa |b gre |c GR-MyUa |e AACR2 | ||
| 041 | 0 | |a gre | |
| 082 | 7 | |a 938.113 |2 (23) | |
| 245 | 0 | 0 | |a Κρήτη αναδυόμενες πόλεις : |b Άπτερα, Ελεύθερνα, Κνωσός / |c επιμέλεια: Νικόλαος Χρ. Σταμπολίδης ... [και ά.] ; μεταφράσεις: Μαρία Ξανθοπούλου. |
| 260 | |a Αθήνα : |b Μουσείο Κυκλαδικής Τέχνης, |b Υπουργείο Πολιτισμού και Αθλητισμού, |c 2018. | ||
| 300 | |a x, 405 σ. : |b εικ., χάρτ. ; |c 30 εκ. | ||
| 500 | |a Περιέχει βραχυγραφίες, και συντομογραφίες. | ||
| 504 | |a Βιβλιογραφία : σ. 378 - 404. | ||
| 504 | |a Περιλαμβάνει χρονολόγιο. | ||
| 650 | 0 | |a Excavations (Archaeology) |z Greece |z Crete. | |
| 651 | 0 | |a Crete (Greece) |x Antiquities. | |
| 651 | 0 | |a Crete (Greece) |x Civilization. | |
| 700 | 1 | |a Ξανθοπούλου, Μαρία, |e trlf | |
| 700 | 1 | |a Σταμπολίδης, Νικόλαος Χρ. |e edt | |
| 710 | 2 | |a Μουσείο Κυκλαδικής Τέχνης. | |
| 710 | 1 | |a Υπουργείο Πολιτισμού και Αθλητισμού (ΥΠΠΟΑ) | |
| 852 | |a INST |b RHODES |e 20190123 |h 938.113 ΚΡΗ |p 005400040364 |q 005400040364 |t REF |y 23 | ||
| 970 | |a Μαρία |b Κωτάκου |z 23-01-2019 | ||